FIDES. Direito e humanidades.

Uloženo v:
Podrobná bibliografie
Další autoři: Black, Virginia (consultor editorial), Vallançon, François (consultor editorial)
Médium: Kniha
Jazyk:angličtina
Vydáno: Porto, Portugal: Rés, 1994.
Edice:Colecção Fides.
Témata:
Tagy: Přidat tag
Žádné tagy, Buďte první, kdo vytvoří štítek k tomuto záznamu!

MARC

LEADER 00000nam a22000007a 4500
003 CL-VaPUC
005 20220822114429.0
008 220309t1994 ||||| |||| 00| 0 eng d
999 |c 434772  |d 434770 
040 |c Pontificia Universidad Católica de Valparaíso 
082 0 4 |2 22  |a 016.34 FID 1994 (v. III) 
245 1 0 |a FIDES.   |b Direito e humanidades.  
260 |a Porto, Portugal:  |b Rés,   |c 1994.  
300 |a Volumen III. 
490 0 |a Colecção Fides.  
500 |a c.1 Volumen III: Donación Familia Prof. Alejandro Guzmán Brito. 
511 |a Edição apoiada pelo Ministério da Justiçã e promovida pelo Instituto Jurídico Interuniversitario.  
583 |c 20220309  |k Yessy Stephany Diaz Vidal 
650 1 |a Derecho y humanidades  |x Publicaciones periódicas  |9 870128 
650 1 |a Derecho y humanidades  |x Revistas  |9 870129 
700 |a Black, Virginia  |e consultor editorial  |9 867080 
700 |a Vallançon, François   |e consultor editorial  |9 867081 
942 |2 ddc  |c BK  |n 0 
952 |0 0  |1 0  |2 ddc  |4 0  |6 016_340000000000000_FID_1994  |7 0  |8 C_AGB  |9 581776  |a BIBDER  |b BIBDER  |d 2022-03-09  |e Donación   |h v.III  |i 5650017  |o 016.34 FID 1994  |p 5650017  |r 2023-01-25  |t 1  |w 2022-03-09  |y BK_US  |k AGB